000 01178nam a22002417a 4500
999 _c57747
_d57747
003 Ge_BSU
005 20201126122006.0
008 201022s2005ge xxu||||| |||| 00| 0 geo d
020 _a9994030698
041 _ageo
080 _a37.01 ფ-90
100 _aფრეიერი, პაულო.
_99659
245 _aჩაგრულთა პედაგოგიკა = Pedagogia do Oprimido /
_cპაულო ფრეიერი ; [თარგმ. ნოდარ მანჩხაშვილი ; რედ: თეა ქიტოშვილი, დავით გაბუნია]
250 _a[1-ლი ქართ. გამოც.].
264 _aთბილისი :
_b"გლობუსის" სტ.
_c2005.
300 _a151 გვ. ;
_c21 სმ.
520 _aრეზ. ინგლ.
653 _aპედაგოგიკა
700 _aმანჩხაშვილი, ნოდარ
_eმთარგმნელი
_9394
700 _a ქიტოშვილი, თეა
_eრედაქტორი
_99660
700 _a გაბუნია, დავით
_eრედაქტორი
_99661
942 _2udc
_cBK